UM Logo

People's China: (Record no. 8297)

MARC details
000 -LEADER
fixed length control field 00533nam a22001697a 4500
008 - FIXED-LENGTH DATA ELEMENTS--GENERAL INFORMATION
fixed length control field 180118b xxu||||| |||| 00| 0 eng d
020 ## - INTERNATIONAL STANDARD BOOK NUMBER
International Standard Book Number 0-19-503688-3
082 ## - DEWEY DECIMAL CLASSIFICATION NUMBER
Edition number 1986
Classification number DC 951.05
Item number D56
100 ## - MAIN ENTRY--PERSONAL NAME
9 (RLIN) 25659
Personal name Dietrich, Craig
245 ## - TITLE STATEMENT
Title People's China:
Remainder of title a brief history/
Statement of responsibility, etc. Craig Dietrich.
260 ## - PUBLICATION, DISTRIBUTION, ETC. (IMPRINT)
Place of publication, distribution, etc. New York:
Name of publisher, distributor, etc. Oxford University Press,
Date of publication, distribution, etc. ©1986.
300 ## - PHYSICAL DESCRIPTION
Extent xv, 327 pages:
Other physical details illustrations;
Dimensions 21 cm.
500 ## - GENERAL NOTE
General note Includes index.
650 #0 - SUBJECT ADDED ENTRY--TOPICAL TERM
9 (RLIN) 25660
Topical term or geographic name as entry element China-History-1949-
700 ## - ADDED ENTRY--PERSONAL NAME
9 (RLIN) 25661
Personal name Dietrich, Craig
942 ## - ADDED ENTRY ELEMENTS (KOHA)
Source of classification or shelving scheme Dewey Decimal Classification
Koha item type Circulation
Holdings
Withdrawn status Lost status Source of classification or shelving scheme Damaged status Not for loan Collection code Home library Current library Shelving location Date acquired Source of acquisition Total Checkouts Full call number Barcode Date last seen Date last checked out Copy number Koha item type Price effective from
    Dewey Decimal Classification     Circulation UM Digos College - LIC UM Digos College - LIC Book Cart 02/17/2004 Purchased 3 DC 951.05 D56 1986 16730 05/15/2025 02/18/2025 2 Circulation  
    Dewey Decimal Classification     Circulation UM Digos College - LIC UM Digos College - LIC   02/17/2004 Purchased   DC 951.05 D56 1986 11635 05/15/2025   1 Circulation 01/18/2018